Southville International School and Colleges
Your cart is empty.
  • Cart
  • Lists
    Public lists Eva Luna New books Lux_list list_1
    Your lists Log in to create your own lists
  • Log in to your account
  • Your cookies
  • Search history
Southville International School and Colleges
  • Advanced search
  • Recent comments
  • Most popular
  • Libraries

Log in to your account

Log in with GOOGLE


If you do not have an external account, but do have a local account, you can still log in:

  1. Home
  2. MARC view: The Fragrance of beauty /
Normal view MARC view ISBD view

The Fragrance of beauty / (Record no. 356599)

[ view plain ]
MARC details
000 -LEADER
fixed length control field 00518nam a2200205Ia 4500
008 - FIXED-LENGTH DATA ELEMENTS--GENERAL INFORMATION
fixed length control field 180523s9999 xx 000 0 und d
020 ## - INTERNATIONAL STANDARD BOOK NUMBER
International Standard Book Number 0-88207-231-5
050 ## - LIBRARY OF CONGRESS CALL NUMBER
Classification number MAIN BV 4527
050 ## - LIBRARY OF CONGRESS CALL NUMBER
Item number .L36 1973
100 ## - MAIN ENTRY--PERSONAL NAME
Personal name Landorf, Joyce
245 #4 - TITLE STATEMENT
Title The Fragrance of beauty /
245 #0 - TITLE STATEMENT
Statement of responsibility, etc Joyce Landorf.
260 ## - PUBLICATION, DISTRIBUTION, ETC. (IMPRINT)
Place of publication, distribution, etc Wheaton, Ill. :
260 ## - PUBLICATION, DISTRIBUTION, ETC. (IMPRINT)
Name of publisher, distributor, etc Victor Books.
260 ## - PUBLICATION, DISTRIBUTION, ETC. (IMPRINT)
Date of publication, distribution, etc 1973
300 ## - PHYSICAL DESCRIPTION
Extent 143pages :
300 ## - PHYSICAL DESCRIPTION
Dimensions 18 cm.
650 ## - SUBJECT ADDED ENTRY--TOPICAL TERM
Topical term or geographic name as entry element Christian women -- Religious life.
650 ## - SUBJECT ADDED ENTRY--TOPICAL TERM
General subdivision Beauty, Personal.
Holdings
Withdrawn status Lost status Damaged status Home library Current library Shelving location Date acquired Cost, normal purchase price Total Checkouts Full call number Barcode Date last seen Price effective from Koha item type
      South Mansfield College South Mansfield College   03/07/2005 0.00   MAIN BV 4527 .L36 1973 SMC02400 05/23/2018 05/23/2018  

The Fragrance of beauty /

APA

Landorf J., .The Fragrance of beauty. Wheaton, Ill: .

Chicago

Landorf Joyce, .The Fragrance of beauty. Wheaton, Ill: .

Harvard

Landorf J., .The Fragrance of beauty. Wheaton, Ill: .

MLA

Landorf Joyce, .Wheaton, Ill: . .

  • Place hold
  • Print
  • Cite
  • Add to your cart (remove)
  • Save record
    BIBTEX Dublin Core MARCXML MARC (non-Unicode/MARC-8) MARC (Unicode/UTF-8) MARC (Unicode/UTF-8, Standard) MODS (XML) RIS
  • More searches
    Search for this title in:
    Other Libraries (WorldCat) Other Databases (Google Scholar) Online Stores (Bookfinder.com) Open Library (openlibrary.org)

Exporting to Dublin Core...

SOUTHVILLE LIBRARY

Southville International School and Colleges Library

1281 Tropical Ave. Cor. Luxembourg St., BF Homes International, Las Pinas City

Tel. No. 8256374 / 252358 Loc. 117/146

Powered by Koha